Financovanie agropotravinárskeho komplexu a slovenského vidieka zo zdrojov Európskej únie

Bibliographic Details
Main Author: Gozora, Vladimír, 1949- (Author)
Format: Article
Language:Slovak
PhysicalDescription:Tab.
ISSN:1335-6186
Subjects:

MARC

LEADER 00000nab a2200000 a 4500
001 vtls009163909
003 SK-MaSNL
005 20260426090121.0
008 250507c2007 xo qr|p|||||||000 b|slo
015 |a SNBRB2007/11  |2 snkbucl 
035 |a (uuid)24529efc-790a-4023-9e8a-208c95b916d7 
035 |a urn:nbn:sk:snk-ab2fgt 
035 |a (urnnbn)urn:nbn:sk:snk:ar-a02cq5 
038 |a SNKBUCL 
040 |a SNKBUCL  |b slo  |c SNKBUCL  |e AACR2 
041 0 |a slo  |b eng  |b slo 
044 |a xo  |c SK 
080 |a 631+663/664:339.96  |x (4:437.6)  |2 2001 
080 |a 332.1:911.373:339.96  |x (4:437.6)  |2 2001 
080 |a 339.96  |x (4:437.6)  |2 2001 
080 |a 663/664  |x (437.6)  |2 2001 
080 |a 338.43  |x (437.6)  |2 2001 
100 1 |a Gozora, Vladimír,  |d 1949-  |4 aut  |9 98474 
245 1 0 |a Financovanie agropotravinárskeho komplexu a slovenského vidieka zo zdrojov Európskej únie  |c Vladimír Gozora 
246 3 1 |a Financing of the agri-food complex and Slovak countryside from EU sources 
300 |b Tab. 
504 |a Bibliogr. odkazy 
546 |a Súbežný názov angl. ; res. angl., slov. 
610 2 7 |a Európska únia  |2 SNKKA  |9 29861 
610 2 7 |a Národný rozvojový plán (Slovensko)  |2 SNK  |9 1318750 
650 0 7 |a spoločná poľnohospodárska politika  |2 snkbucl  |9 28622 
650 0 7 |a agropotravinárstvo  |2 snkbucl  |9 677 
650 0 7 |a rozvoj vidieka  |2 snkbucl  |9 2927 
650 0 7 |a finančná podpora  |2 snkbucl  |9 28968 
650 0 7 |a poľnohospodárstvo  |2 SNKPH  |9 679 
650 0 7 |a európska integrácia  |2 SNKPH  |9 2140 
651 7 |a Slovensko  |2 snkbucl  |9 14231 
773 0 |t Ekonomika poľnohospodárstva = Economics of Agriculture  |g Roč. VII., č. 3 (2007), s. 4-9  |x 1335-6186 
850 |a Slovenská národná knižnica 
852 |a Slovenská národná knižnica 
954 |a odborná, vedecká literatúra pôvodná (slovenská)  |2 lita 
958 |a article27 
958 |a NB 
958 |a SK 
958 |a OND 
958 |a EUIPO 
999 |c 2980506  |d 2982436